An introduction to predictive maintenance /

This second edition of An Introduction to Predictive Maintenance helps plant, process, maintenance and reliability managers and engineers to develop and implement a comprehensive maintenance management program, providing proven strategies for regularly monitoring critical process equipment and syste...

Full description

Bibliographic Details
Main Author: Mobley, R. Keith, 1943-
Format: eBook
Language:English
Published: Amsterdam ; New York : Butterworth-Heinemann, 2002.
Edition:2nd ed.
Subjects:
Online Access:Connect to the full text of this electronic book
Publisher description
Table of contents

MARC

Tag First Indicator Second Indicator Subfields
LEADER 00000cam a2200000Ia 4500
001 in00002425169
006 m d
007 cr cn|||||||||
008 070806s2002 ne a s 001 0 eng d
005 20260609193636.8
020 |a 9780750675314 
020 |a 0750675314 
035 |a (OCoLC)162592234 
037 |a 95752:95751  |b Elsevier Science & Technology  |n http://www.sciencedirect.com 
040 |a OPELS  |c OPELS  |d UtOrBLW 
049 |a TEFA 
050 1 4 |a TS192  |b .M624 2002eb 
082 0 4 |a 658.2/02  |2 22 
100 1 |a Mobley, R. Keith,  |d 1943- 
245 1 3 |a An introduction to predictive maintenance /  |c R. Keith Mobley. 
250 |a 2nd ed. 
264 1 |a Amsterdam ;  |a New York :  |b Butterworth-Heinemann,  |c 2002. 
300 |a xii, 438 pages :  |b illustrations ;  |c 24 cm. 
336 |a text  |b txt  |2 rdacontent 
337 |a computer  |b c  |2 rdamedia 
338 |a online resource  |b cr  |2 rdacarrier 
533 |a Electronic reproduction.  |b Amsterdam :  |c Elsevier Science & Technology,  |d 2007.  |n Mode of access: World Wide Web.  |n System requirements: Web browser.  |n Title from title screen (viewed on Aug. 2, 2007).  |n Access may be restricted to users at subscribing institutions. 
520 |a This second edition of An Introduction to Predictive Maintenance helps plant, process, maintenance and reliability managers and engineers to develop and implement a comprehensive maintenance management program, providing proven strategies for regularly monitoring critical process equipment and systems, predicting machine failures, and scheduling maintenance accordingly. Since the publication of the first edition in 1990, there have been many changes in both technology and methodology, including financial implications, the role of a maintenance organization, predictive maintenance techniques, various analyses, and maintenance of the program itself. This revision includes a complete update of the applicable chapters from the first edition as well as six additional chapters outlining the most recent information available. Having already been implemented and maintained successfully in hundreds of manufacturing and process plants worldwide, the practices detailed in this second edition of An Introduction to Predictive Maintenance will save plants and corporations, as well as U.S. industry as a whole, billions of dollars by minimizing unexpected equipment failures and its resultant high maintenance cost while increasing productivity. * A comprehensive introduction to a system of monitoring critical industrial equipment * Optimize the availability of process machinery and greatly reduce the cost of maintenance * Provides the means to improve product quality, productivity and profitability of manufacturing and production plants. 
505 0 |a Impact of Maintenance; Financial Implications and Cost Justification; Role of Maintenance Organization; Benefits of Predictive Maintenance; Machine-Train Monitoring Parameters; Predictive Maintenance Techniques; Vibration Monitoring and Analysis; Thermography; Tribology; Process Parameters; Other Methods; Visual Inspection; Operating Dynamics Analysis; Failure-Mode Analysis; Establishing a Predictive Maintenance Program; A Total Plant Predictive Maintenance Program; Maintaining the Program; World-class Maintenance. 
500 |a Includes index. 
500 |a Electronic resource. 
650 0 |a Plant maintenance  |x Management. 
650 6 |a Usines  |x Entretien  |x Planification. 
650 6 |a Usines  |x Entretien  |x Gestion. 
655 7 |a Electronic books.  |2 local 
730 0 |a Referex. 
776 1 |c Original  |z 0750675314  |z 9780750675314  |w (DLC) 2001056670  |w (OCoLC)48649881 
856 4 0 |u http://proxy.library.tamu.edu/login?url=https://www.sciencedirect.com/science/book/9780750675314  |z Connect to the full text of this electronic book  |t 0 
856 4 2 |3 Publisher description  |u http://www.loc.gov/catdir/description/els031/2001056670.html  |t 0 
856 4 2 |3 Table of contents  |u http://www.loc.gov/catdir/toc/els031/2001056670.html  |t 0 
994 |a C0  |b TEF 
999 |a MARS 
999 f f |s 1c735af8-1218-37dc-9288-d6dc20434777  |i f712b4ec-f9a7-3bd8-968f-1b1d78bc84dc  |t 0 
952 f f |a Texas A&M University  |b College Station  |c Electronic Resources  |s www_evans  |d Available Online  |t 0  |e TS192 .M624 2002eb  |h Library of Congress classification 
998 f f |a TS192 .M624 2002eb  |t 0  |l Available Online